Southville International School and Colleges
Your cart is empty.
  • Cart
  • Lists
    Public lists list_1 View all
    Your lists Log in to create your own lists
  • Log in to your account
  • Your cookies
  • Search history
Southville International School and Colleges
  • Advanced search
  • Recent comments
  • Most popular
  • Libraries

Log in to your account

Log in with GOOGLE


If you do not have an external account, but do have a local account, you can still log in:

  1. Home
  2. MARC view: Big balloon race, (The) /
Normal view MARC view ISBD view

Big balloon race, (The) / (Record no. 111097)

[ view plain ]
MARC details
000 -LEADER
fixed length control field 00798nam a2200229 a 4500
001 - CONTROL NUMBER
control field 1248
005 - DATE AND TIME OF LATEST TRANSACTION
control field 20140414131909.0
008 - FIXED-LENGTH DATA ELEMENTS--GENERAL INFORMATION
fixed length control field 041111s19uu xx 00 eng d
020 ## - INTERNATIONAL STANDARD BOOK NUMBER
International Standard Book Number 0-06-444053-2
050 ## - LIBRARY OF CONGRESS CALL NUMBER
Classification number ER
Item number B48 1992
100 ## - MAIN ENTRY--PERSONAL NAME
Personal name Coerr, Eleanor
245 ## - TITLE STATEMENT
Title Big balloon race, (The) /
Statement of responsibility, etc Story by Eleanor Coerr ; pictures by Carolyn Croll.
260 ## - PUBLICATION, DISTRIBUTION, ETC. (IMPRINT)
Place of publication, distribution, etc [s.l.] :
Name of publisher, distributor, etc HarperCollins,
Date of publication, distribution, etc 1992.
300 ## - PHYSICAL DESCRIPTION
Extent 62 p. : ill. ; cm.
440 ## - SERIES STATEMENT/ADDED ENTRY--TITLE
Title An I can read book
500 ## - GENERAL NOTE
General note Originally published : New York, N.Y : Harper & Row, 1981.
520 ## - SUMMARY, ETC.
Summary, etc Ariel almost causes her famous mother to lose a balloon race and he helps her to win it.
650 ## - SUBJECT ADDED ENTRY--TOPICAL TERM
Topical term or geographic name as entry element Myers, Carlotta, 1849-1932.
650 ## - SUBJECT ADDED ENTRY--TOPICAL TERM
Topical term or geographic name as entry element Myers, Ariel
General subdivision Juvenile fiction.
650 ## - SUBJECT ADDED ENTRY--TOPICAL TERM
Topical term or geographic name as entry element Balloon ascencions
General subdivision Fiction.
Holdings
Withdrawn status Lost status Damaged status Use restrictions Home library Current library Shelving location Date acquired Source of acquisition Total Checkouts Full call number Barcode Date last seen Price effective from Koha item type
        Munich Library Munich Library Easy Reading Section 11/11/2004     ER B48 1992 M1663 04/14/2014 04/14/2014 Books

Big balloon race, (The) /

APA

Coerr E., . (1992). Big balloon race, (The). [s.l.]: HarperCollins.

Chicago

Coerr Eleanor, . 1992. Big balloon race, (The). [s.l.]: HarperCollins.

Harvard

Coerr E., . (1992). Big balloon race, (The). [s.l.]: HarperCollins.

MLA

Coerr Eleanor, . Big balloon race, (The). [s.l.]: HarperCollins. 1992.

  • Place hold
  • Print
  • Cite
  • Add to your cart (remove)
  • Save record
    BIBTEX Dublin Core MARCXML MARC (non-Unicode/MARC-8) MARC (Unicode/UTF-8) MARC (Unicode/UTF-8, Standard) MODS (XML) RIS
  • More searches
    Search for this title in:
    Other Libraries (WorldCat) Other Databases (Google Scholar) Online Stores (Bookfinder.com) Open Library (openlibrary.org)

Exporting to Dublin Core...

SOUTHVILLE LIBRARY

Southville International School and Colleges Library

1281 Tropical Ave. Cor. Luxembourg St., BF Homes International, Las Pinas City

Tel. No. 8256374 / 252358 Loc. 117/146

Powered by Koha